[Event "Grenzturnering Gruppe 2 2014-15"]
[Site "Oster Hojst"]
[Date "2014.09.23"]
[Round "1"]
[White "Dietz, Finja"]
[Black "Maas, Ralf"]
[Result "0-1"]
[WhiteElo "1000"]
[BlackElo "1193"]
[PlyCount "62"]
[EventDate "2014.??.??"]

1. e4 e5 2. Nf3 Nf6 3. Nc3 Nc6 4. Bc4 Bc5 5. Ng5 O-O 6. Qf3 Nd4 7. Qd1 d6 8. d3
h6 9. h4 Bg4 10. f3 Bh5 11. Be3 Nxc2+ 12. Qxc2 Bxe3 13. Ne6 fxe6 14. Bxe6+ Bf7
15. Qb3 Nh5 16. g4 Nf4 17. Bd5 Nxd5 18. Nxd5 c6 19. g5 h5 20. g6 Be6 21. Ke2
Bd4 22. Rhf1 cxd5 23. exd5 Bh3 24. Rh1 Bg2 25. Rhc1 Bxf3+ 26. Kd2 Qa5+ 27. Kc2
Rac8+ 28. Kb1 Rxc1+ 29. Kxc1 Rc8+ 30. Kb1 Qe1+ 31. Qd1 Qxd1# 0-1

[Event "Grenzturnering Gruppe 2 2014-15"]
[Site "Oster Hojst"]
[Date "2014.09.23"]
[Round "1"]
[White "Heremic, Adis"]
[Black "Schmidt, Holger"]
[Result "0-1"]
[WhiteElo "1000"]
[BlackElo "1396"]
[PlyCount "112"]
[EventDate "2014.??.??"]

1. d4 d5 2. c4 e6 3. Nc3 c6 4. e3 Nf6 5. Nf3 Nbd7 6. c5 Be7 7. Bd3 Qc7 8. O-O
e5 9. Re1 e4 10. Be2 exf3 11. Bxf3 O-O 12. e4 dxe4 13. Nxe4 Nxe4 14. Bxe4 Nf6
15. g3 Nxe4 16. Rxe4 Bf5 17. Bf4 Qd7 18. Re3 Rad8 19. Qe1 Bf6 20. Be5 Bxe5 21.
dxe5 Qd5 22. b4 Rfe8 23. Qe2 h6 24. a3 Bh3 25. f3 Qd2 26. Qxd2 Rxd2 27. Rae1
Be6 28. R1e2 Red8 29. Rxd2 Rxd2 30. f4 Bf5 31. h4 Rd3 32. Rxd3 Bxd3 33. Kf2 Kf8
34. Ke3 Bf5 35. Kd4 Ke7 36. Ke3 Ke6 37. Kd4 g6 38. Ke3 Kd5 39. Kd2 Kd4 40. a4
Kc4 41. b5 cxb5 42. axb5 Kxc5 43. Ke3 h5 44. Kd2 Kxb5 45. Kc3 a5 46. Kb2 Kb4
47. Ka1 b5 48. Kb2 a4 49. Ka1 Kc4 50. Kb2 b4 51. Ka1 a3 52. e6 Bxe6 53. Ka2
Kc3+ 54. Kb1 b3 55. g4 a2+ 56. Ka1 b2# 0-1

[Event "Grenzturnering Gruppe 2 2014-15"]
[Site "Hjerpsted"]
[Date "2014.10.14"]
[Round "1"]
[White "Lauritzen, Vagn"]
[Black "Bucka Lassen, Edlef"]
[Result "1/2-1/2"]
[WhiteElo "1574"]
[BlackElo "1230"]
[PlyCount "24"]
[EventDate "2014.??.??"]

1. e4 c5 2. Nf3 Nc6 3. d4 cxd4 4. Nxd4 g6 5. c3 Bg7 6. Be3 Nf6 7. Nd2 O-O 8. h3
d5 9. exd5 Nxd5 10. Nxc6 Nxe3 11. Nxd8 Nxd1 12. Rxd1 Rxd8 1/2-1/2

[Event "Grenzturnering Gruppe 2 2014-15"]
[Site "Oster Hojst"]
[Date "2014.09.23"]
[Round "1"]
[White "Madsen, Nis H"]
[Black "Kristensen, Karl Martin"]
[Result "0-1"]
[WhiteElo "1472"]
[BlackElo "1650"]
[PlyCount "120"]
[EventDate "2014.??.??"]

1. d4 d6 2. e4 g6 3. b3 Bg7 4. Bb2 Nc6 5. Bb5 Bd7 6. Nf3 e6 7. Nbd2 e5 8. Bxc6
Bxc6 9. d5 Bd7 10. O-O Ne7 11. c4 O-O 12. h3 f5 13. exf5 Nxf5 14. Ne4 Nh4 15.
Nxh4 Qxh4 16. Ng3 Rf7 17. Qd2 b6 18. a4 Raf8 19. Rae1 h5 20. Re4 Rf4 21. Qe3
Kh7 22. Bc1 a5 23. Qe2 Rxe4 24. Nxe4 Bf5 25. Ng3 Qd4 26. Qe3 Bc2 27. Qxd4 exd4
28. Re1 Be5 29. Ne4 Bxb3 30. Ng5+ Kg8 31. Ne6 Rc8 32. Re4 Bxc4 33. Nxd4 Bxd5
34. Rh4 Bf6 35. Rf4 Kg7 36. Bb2 Be5 37. Rh4 Kf7 38. Bc1 c5 39. Nb5 c4 40. f4
Bf6 41. Nxd6+ Ke6 42. Nxc8 Bxh4 43. Nxb6 c3 44. g4 Bb3 45. Kf1 Bd8 46. f5+ gxf5
47. gxf5+ Kxf5 48. Nc8 Bxa4 49. Nd6+ Ke6 50. Nb7 Bb5+ 51. Ke1 Bb6 52. Kd1 Ba4+
53. Ke2 Bc6 54. Kd3 Bxb7 55. Kxc3 Bd8 56. Bd2 Ke5 57. Kc4 Bc6 58. Kc5 Be8 59.
Bc3+ Kf4 60. h4 Kg4 0-1

[Event "Grenzturnering Gruppe 2 2014-15"]
[Site "Oster Hojst"]
[Date "2014.09.23"]
[Round "1"]
[White "Moller, Carl Vincent"]
[Black "Jensen, Jens Peter"]
[Result "0-1"]
[WhiteElo "1043"]
[BlackElo "1297"]
[PlyCount "125"]
[EventDate "2014.??.??"]

1. d4 d5 2. Nf3 e6 3. a3 Be7 4. e3 a6 5. g3 Nf6 6. Bg2 Nbd7 7. Nc3 c5 8. dxc5
Bxc5 9. Nd4 O-O 10. O-O Bxd4 11. Qxd4 e5 12. Qd1 d4 13. exd4 exd4 14. Qxd4 h6
15. Be3 Re8 16. Rfe1 Qc7 17. Nd5 Nxd5 18. Qxd5 Nf6 19. Qd4 Rd8 20. Bf4 Qd7 21.
Rad1 Qxd4 22. Rxd4 Rxd4 23. c3 Rd8 24. Bc7 Rd2 25. h4 Rd7 26. Bb6 a5 27. Bd4
Ra6 28. Bxf6 gxf6 29. Re8+ Kg7 30. Rxc8 Rb6 31. b4 axb4 32. cxb4 Rd3 33. Rc7
Rxa3 34. Bxb7 Ra7 35. Rc4 Raxb7 36. Rg4+ Kh7 37. Kg2 Rxb4 38. Rf4 Rxf4 39. gxf4
Kg6 40. Kg3 h5 41. f3 Rb3 42. Kf2 Kf5 43. Kg3 Rb2 44. Kh3 Kg6 45. Kg3 Rb1 46.
Kg2 Kf5 47. Kg3 Rg1+ 48. Kf2 Rg6 49. Ke3 Ke6 50. Ke4 f5+ 51. Ke3 f6 52. Kf2 Kd5
53. Kf1 Rg3 54. Kf2 Rh3 55. Kg2 Rxh4 56. Kg3 Rh1 57. Kg2 Rc1 58. Kg3 Kd4 59.
Kh4 Ke3 60. Kxh5 Rg1 61. Kh4 Kxf3 62. Kh3 Kxf4 63. Kh2 0-1

[Event "Grenzturnering Gruppe 2 2014-15"]
[Site "Oster Hojst"]
[Date "2014.09.23"]
[Round "1"]
[White "Sorensen, Helge"]
[Black "Eis, Harald"]
[Result "1-0"]
[WhiteElo "1636"]
[BlackElo "1757"]
[PlyCount "35"]
[EventDate "2014.??.??"]

1. e4 b6 2. d4 Bb7 3. Nc3 g6 4. Nf3 Bg7 5. Be2 Nf6 6. O-O Nxe4 7. Nxe4 Bxe4 8.
Ng5 Bb7 9. Bf3 Bxf3 10. Qxf3 f6 11. Qxa8 fxg5 12. Bxg5 Bxd4 13. Bxe7 Bxf2+ 14.
Rxf2 Kxe7 15. Re1+ Kd6 16. Rd2+ Kc5 17. Qd5+ Kb4 18. Rd4# 1-0

[Event "Grenzturnering Gruppe 2 2014-15"]
[Site "Oster Hojst"]
[Date "2014.09.23"]
[Round "1"]
[White "Svendsen, Gunnar"]
[Black "Jensen, Scot Wolfgang"]
[Result "0-1"]
[WhiteElo "1552"]
[BlackElo "1484"]
[PlyCount "98"]
[EventDate "2014.??.??"]

1. c4 e5 2. g3 Bc5 3. Bg2 a6 4. e3 Nf6 5. Nc3 d6 6. Nge2 Nbd7 7. O-O Nb6 8. b3
c6 9. d4 Bb4 10. dxe5 dxe5 11. Qxd8+ Kxd8 12. Rd1+ Kc7 13. Bb2 Re8 14. a3 Bxc3
15. Nxc3 Bf5 16. e4 Bg6 17. f3 Nfd7 18. Bf1 f6 19. a4 Rad8 20. a5 Nc8 21. b4 f5
22. exf5 Bxf5 23. Re1 Nd6 24. c5 Nf7 25. Rad1 Nf6 26. Rxd8 Rxd8 27. Rd1 Nd5 28.
Nxd5+ cxd5 29. Re1 d4 30. Bc4 Ng5 31. Kg2 e4 32. fxe4 Bxe4+ 33. Kf2 Rf8+ 34.
Ke2 Rd8 35. Bd3 Bc6 36. Kd1 g6 37. Re7+ Kb8 38. h4 Nf3 39. Rxh7 Re8 40. Be2
Ba4+ 41. Kc1 Rxe2 42. Kb1 Bb3 43. Bc1 Kc8 44. Rh8+ Kd7 45. Rh7+ Kc6 46. Bf4 Bd5
47. Rg7 Kb5 48. Kc1 Kxb4 49. Rxg6 Kc3 0-1

[Event "Grenzturnering Gruppe 2 2014-15"]
[Site "Leck"]
[Date "2014.11.11"]
[Round "2"]
[White "Eis, Harald"]
[Black "Bucka Lassen, Edlef"]
[Result "1-0"]
[WhiteElo "1757"]
[BlackElo "1230"]
[PlyCount "89"]
[EventDate "2014.??.??"]

1. e4 c5 2. Nf3 Nc6 3. Bb5 g6 4. O-O Bg7 5. d3 Nf6 6. c3 O-O 7. Re1 Qb6 8. a4
d6 9. Na3 a6 10. Nc4 Qc7 11. Bxc6 Qxc6 12. Bg5 b5 13. axb5 axb5 14. Rxa8 Qxa8
15. Nb6 Qc6 16. Nxc8 Rxc8 17. e5 dxe5 18. Nxe5 Qc7 19. Ng4 Nxg4 20. Qxg4 e6 21.
Qf3 Qc6 22. Qxc6 Rxc6 23. Be7 f6 24. Ra1 Rc7 25. Ra8+ Kf7 26. Bd6 Rd7 27. Bxc5
Rxd3 28. Ra7+ Kg8 29. Ra1 f5 30. Bb4 Rd2 31. Rb1 Rc2 32. Kf1 Bh6 33. Ke1 Rc1+
34. Rxc1 Bxc1 35. Kd1 Bf4 36. g3 Bh6 37. Bc5 Bg7 38. Kc2 e5 39. Kb3 e4 40. Kb4
h5 41. Kxb5 Be5 42. Kc4 Kf7 43. Kd5 Kf6 44. Be7+ Kxe7 45. Kxe5 1-0

[Event "Grenzturnering Gruppe 2 2014-15"]
[Site "Leck"]
[Date "2014.11.11"]
[Round "2"]
[White "Jensen, Jens Peter"]
[Black "Sorensen, Helge"]
[Result "1/2-1/2"]
[WhiteElo "1297"]
[BlackElo "1636"]
[PlyCount "73"]
[EventDate "2014.??.??"]

1. e4 c5 2. Bc4 Nc6 3. a3 Nf6 4. d3 d6 5. h3 g6 6. Nf3 Bg7 7. O-O O-O 8. Nc3 a6
9. Bd2 b5 10. Bd5 Nxd5 11. exd5 Nd4 12. Nxd4 Bxd4 13. Qc1 Bb7 14. Bh6 Re8 15.
Ne2 Bxd5 16. Nxd4 cxd4 17. Qg5 e5 18. Qd2 Rc8 19. f4 Rc5 20. f5 Qc7 21. Rac1
Rc8 22. Rf2 Bb3 23. Qg5 Qd8 24. Qxd8+ Rxd8 25. cxb3 Rdc8 26. Rxc5 Rxc5 27. b4
Rc8 28. Rf1 Rc2 29. Rc1 Rxc1+ 30. Bxc1 gxf5 31. Bg5 Kg7 32. Be7 d5 33. Kf2 h5
34. Bc5 Kg6 35. g3 Kf6 36. b3 Ke6 37. a4 1/2-1/2

[Event "Grenzturnering Gruppe 2 2014-15"]
[Site "Leck"]
[Date "2014.11.11"]
[Round "2"]
[White "Kristensen, Karl Martin"]
[Black "Jensen, Scot Wolfgang"]
[Result "1/2-1/2"]
[WhiteElo "1650"]
[BlackElo "1484"]
[PlyCount "91"]
[EventDate "2014.??.??"]

1. c4 e5 2. Nc3 c6 3. Nf3 Bd6 4. e4 Qf6 5. d3 h6 6. Be3 b6 7. d4 Ne7 8. dxe5
Bxe5 9. Nxe5 Qxe5 10. Bd4 Qg5 11. h4 Qg6 12. h5 Qg5 13. Be3 Qf6 14. Qd4 Qxd4
15. Bxd4 f6 16. Bd3 d6 17. f4 c5 18. Bf2 Nbc6 19. Bc2 Nb4 20. Ba4+ Kf7 21. Rd1
Rd8 22. O-O Bg4 23. Rd2 Bxh5 24. a3 Nbc6 25. Bd1 Bg6 26. f5 Bh7 27. Bg3 Ne5 28.
b3 N7c6 29. Nd5 Rac8 30. Rf4 Bg8 31. Rh4 Kf8 32. Bf4 Bxd5 33. cxd5 Nd4 34. Be3
Nxf5 35. Rh3 Rc7 36. Bf4 Re7 37. g4 Nd4 38. g5 fxg5 39. Bxg5 Nef3+ 40. Bxf3
hxg5 41. Rh8+ Kf7 42. Bh5+ g6 43. Rf2+ Kg7 44. Rxd8 gxh5 45. Rxd6 g4 46. Rff6
1/2-1/2

[Event "Grenzturnering Gruppe 2 2014-15"]
[Site "Leck"]
[Date "2014.11.11"]
[Round "2"]
[White "Madsen, Nis H"]
[Black "Svendsen, Gunnar"]
[Result "1/2-1/2"]
[WhiteElo "1472"]
[BlackElo "1552"]
[PlyCount "75"]
[EventDate "2014.??.??"]

1. d4 d5 2. Nf3 Nf6 3. Nc3 e6 4. Bg5 Be7 5. e3 a6 6. Bd3 Nbd7 7. O-O c5 8. b3
b5 9. dxc5 Nxc5 10. Be2 O-O 11. Qd4 Nce4 12. Nxe4 Nxe4 13. Bxe7 Qxe7 14. c4
bxc4 15. bxc4 Bb7 16. cxd5 Bxd5 17. Ne5 f6 18. Nf3 Rfd8 19. a3 Bb7 20. Qb4 Qxb4
21. axb4 Nd2 22. Rfd1 Nxf3+ 23. Bxf3 Bxf3 24. gxf3 Rxd1+ 25. Rxd1 Ra7 26. f4
Kf7 27. Kf1 Ke7 28. Ke2 Rd7 29. Rc1 Kd6 30. e4 Rc7 31. Rxc7 Kxc7 32. Kd3 Kc6
33. Kc4 g6 34. h3 h6 35. h4 h5 36. f3 Kb6 37. Kd4 Kb5 38. Kc3 1/2-1/2

[Event "Grenzturnering Gruppe 2 2014-15"]
[Site "Leck"]
[Date "2014.11.11"]
[Round "2"]
[White "Moller, Carl Vincent"]
[Black "Lauritzen, Vagn"]
[Result "0-1"]
[WhiteElo "1043"]
[BlackElo "1574"]
[PlyCount "126"]
[EventDate "2014.??.??"]

1. d4 Nf6 2. Nc3 g6 3. e3 Bg7 4. Nf3 d6 5. h3 c6 6. d5 O-O 7. Bc4 b5 8. Be2 b4
9. Nb1 Nxd5 10. e4 Nb6 11. a3 bxa3 12. Rxa3 N8d7 13. Bf4 Bxb2 14. Bh6 Bxa3 15.
Bxf8 Bb4+ 16. c3 Bxc3+ 17. Nxc3 Nxf8 18. O-O Ne6 19. Nd4 Nxd4 20. Qxd4 e5 21.
Qe3 d5 22. Qc5 d4 23. Qxc6 Bd7 24. Qd6 dxc3 25. Qxe5 Rc8 26. Rc1 Qe8 27. Qd4
Na4 28. f3 Rc7 29. Qd5 Qc8 30. Qa5 Qb7 31. Bd3 Qb6+ 32. Qxb6 axb6 33. Bc2 Nb2
34. Ra1 b5 35. Bb3 b4 36. Ra8+ Kg7 37. Rb8 c2 38. Bxc2 Rxc2 39. Rxb4 Nd3 40.
Rd4 Bb5 41. Rd5 Rxg2+ 42. Kxg2 Nf4+ 43. Kg3 Nxd5 44. exd5 Kf6 45. Kf4 Bc4 46.
Ke4 Bxd5+ 47. Kxd5 Kf5 48. Kd4 Kf4 49. Kd5 Kxf3 50. Ke5 f5 51. h4 Kg4 52. Kf6
f4 53. Kg7 f3 54. Kxh7 Kxh4 55. Kxg6 f2 56. Kf5 f1=Q+ 57. Ke4 Kg4 58. Ke3 Qf4+
59. Ke2 Qf3+ 60. Kd2 Kf4 61. Ke1 Qg2 62. Kd1 Ke3 63. Ke1 Qe2# 0-1

[Event "Grenzturnering Gruppe 2 2014-15"]
[Site "Leck"]
[Date "2014.11.11"]
[Round "2"]
[White "Schmidt, Holger"]
[Black "Maas, Ralf"]
[Result "1/2-1/2"]
[WhiteElo "1396"]
[BlackElo "1193"]
[PlyCount "48"]
[EventDate "2014.??.??"]

1. d4 Nf6 2. Nf3 e6 3. Nbd2 d5 4. e3 c5 5. c3 Nbd7 6. Bd3 b6 7. O-O Bb7 8. Re1
Be7 9. e4 dxe4 10. Nxe4 Nxe4 11. Bxe4 Bxe4 12. Rxe4 Nf6 13. Re1 cxd4 14. Nxd4
Qd7 15. Qe2 O-O 16. h3 Rad8 17. Bf4 Bd6 18. Bg5 Be7 19. Rad1 Qd5 20. Bxf6 Bxf6
21. Nb3 Qc6 22. Nc1 Rxd1 23. Rxd1 Rd8 24. Rxd8+ Bxd8 1/2-1/2

[Event "Grenzturnering Gruppe 2 2014-15"]
[Site "Tonder"]
[Date "2014.12.08"]
[Round "3"]
[White "Bucka Lassen, Edlef"]
[Black "Heremic, Adis"]
[Result "1/2-1/2"]
[WhiteElo "1230"]
[BlackElo "1000"]
[PlyCount "46"]
[EventDate "2014.??.??"]

1. e4 e5 2. Nf3 Nc6 3. Bc4 Bc5 4. b3 Nf6 5. Nc3 d6 6. h3 O-O 7. O-O Nd4 8. Bb2
c6 9. Nxd4 exd4 10. Ne2 Nxe4 11. Nxd4 Bb6 12. Be2 Qg5 13. Nf3 Qg6 14. Bd3 Bxh3
15. Nh4 Nxf2 16. Rxf2 Bxf2+ 17. Kxf2 Qg5 18. gxh3 Qxh4+ 19. Kg2 Qg5+ 20. Qg4
Qxd2+ 21. Be2 Qd5+ 22. Bf3 Qd2+ 23. Be2 Qd5+ 1/2-1/2

[Event "Grenzturnering Gruppe 2 2014-15"]
[Site "Tonder"]
[Date "2014.12.08"]
[Round "3"]
[White "Dietz, Finja"]
[Black "Madsen, Nis H"]
[Result "0-1"]
[WhiteElo "1000"]
[BlackElo "1472"]
[PlyCount "106"]
[EventDate "2014.??.??"]

1. e4 e5 2. Nf3 Bc5 3. Nc3 Nf6 4. Ng5 O-O 5. Bc4 Nc6 6. d3 d6 7. h4 Ne7 8. Qf3
Qe8 9. Qg3 Nh5 10. Qf3 Nf6 11. a3 h6 12. Nh7 Nxh7 13. Bxh6 gxh6 14. g4 Be6 15.
g5 Bxc4 16. gxh6 Kh8 17. Rg1 Rg8 18. O-O-O Be6 19. Rg3 Rxg3 20. Qxg3 Qg8 21.
Rg1 Qxg3 22. Rxg3 Bxf2 23. Rg7 Bxh4 24. Nb5 Bg5+ 25. Kb1 Bxh6 26. Rg1 c6 27.
Nxd6 Rg8 28. Rf1 b6 29. b3 f6 30. Rh1 Bd2 31. Rf1 Bc3 32. Rh1 Bd4 33. Nc4 Bxc4
34. dxc4 Rg1+ 35. Rxg1 Bxg1 36. Kb2 Ng5 37. b4 Nxe4 38. a4 Bd4+ 39. Kb3 f5 40.
c5 bxc5 41. b5 f4 42. a5 f3 43. b6 axb6 44. axb6 c4+ 45. Kxc4 Bxb6 46. Kd3 f2
47. Ke2 Ng3+ 48. Kf3 f1=Q+ 49. Kxg3 Nf5+ 50. Kg4 Qf4+ 51. Kh5 Ng7+ 52. Kg6 Qf5+
53. Kh6 Qh5# 0-1

[Event "Grenzturnering Gruppe 2 2014-15"]
[Site "Tonder"]
[Date "2014.12.08"]
[Round "3"]
[White "Eis, Harald"]
[Black "Kristensen, Karl Martin"]
[Result "1-0"]
[WhiteElo "1757"]
[BlackElo "1650"]
[PlyCount "83"]
[EventDate "2014.??.??"]

1. e4 e5 2. Nf3 Nc6 3. Bb5 d6 4. d3 Bd7 5. Bg5 Nf6 6. Nc3 h6 7. Bxf6 gxf6 8.
Nd5 Bg7 9. Nh4 Nd4 10. Bxd7+ Qxd7 11. c3 c6 12. cxd4 cxd5 13. dxe5 dxe5 14. Nf5
Bf8 15. O-O h5 16. Qb3 O-O-O 17. Rac1+ Kb8 18. Rc2 Bh6 19. Nxh6 Rxh6 20. Rfc1
Rhh8 21. Rc5 dxe4 22. dxe4 Rc8 23. h3 Rhd8 24. Rxc8+ Rxc8 25. Rxc8+ Kxc8 26.
Qf3 Qe6 27. b3 h4 28. Qg4 Qxg4 29. hxg4 Kd7 30. Kh2 b5 31. b4 Ke7 32. Kh3 Kf8
33. Kxh4 Kg7 34. Kh5 Kh7 35. g3 Kg7 36. f4 a6 37. fxe5 fxe5 38. Kg5 f6+ 39. Kf5
Kf7 40. g5 fxg5 41. Kxg5 Ke6 42. g4 1-0

[Event "Grenzturnering Gruppe 2 2014-15"]
[Site "Tonder"]
[Date "2014.12.08"]
[Round "3"]
[White "Jensen, Scot Wolfgang"]
[Black "Lauritzen, Vagn"]
[Result "1-0"]
[WhiteElo "1484"]
[BlackElo "1574"]
[PlyCount "56"]
[EventDate "2014.??.??"]

1. e4 e6 2. Nc3 c5 3. Nf3 Nc6 4. Bc4 d6 5. d4 cxd4 6. Nxd4 Nf6 7. Bb5 Bd7 8.
Bg5 Be7 9. Be3 a6 10. Nxc6 bxc6 11. Be2 e5 12. O-O O-O 13. Qd3 c5 14. Rad1 Qc7
15. Bg5 Be6 16. Bxf6 gxf6 17. f4 c4 18. Qg3+ Kh8 19. f5 Rg8 20. Qh4 Qc5+ 21.
Kh1 Bd7 22. Nd5 Bd8 23. Qh6 Bc6 24. Nxf6 Bxf6 25. Qxf6+ Rg7 26. Bf3 Qe3 27.
Rxd6 Bxe4 28. Qxe5 Qd2 1-0

[Event "Grenzturnering Gruppe 2 2014-15"]
[Site "Tonder"]
[Date "2014.12.08"]
[Round "3"]
[White "Maas, Ralf"]
[Black "Sorensen, Helge"]
[Result "1/2-1/2"]
[WhiteElo "1193"]
[BlackElo "1636"]
[PlyCount "35"]
[EventDate "2014.??.??"]

1. d4 Nf6 2. Nf3 d5 3. Bf4 e6 4. e3 Bd6 5. Bg3 O-O 6. Nbd2 b6 7. Bd3 c5 8. c3
Bb7 9. Qe2 Qc7 10. e4 dxe4 11. Nxe4 Nxe4 12. Bxe4 Bxe4 13. Qxe4 Nd7 14. O-O
Bxg3 15. fxg3 Rfe8 16. Rad1 Rad8 17. Qf4 Qxf4 18. gxf4 1/2-1/2

[Event "Grenzturnering Gruppe 2 2014-15"]
[Site "Tonder"]
[Date "2014.12.08"]
[Round "3"]
[White "Schmidt, Holger"]
[Black "Jensen, Jens Peter"]
[Result "1-0"]
[WhiteElo "1396"]
[BlackElo "1297"]
[PlyCount "83"]
[EventDate "2014.??.??"]

1. e4 e5 2. Nf3 d6 3. Nc3 c6 4. d4 exd4 5. Nxd4 Be7 6. Bd3 Nf6 7. O-O c5 8. Nf3
Bg4 9. Re1 O-O 10. e5 dxe5 11. Rxe5 Bd6 12. Re1 Nc6 13. Ne4 h6 14. Nxd6 Nd4 15.
Ne4 Nxf3+ 16. gxf3 Bh5 17. Nxc5 Qc8 18. Ne4 Qc6 19. Nxf6+ Qxf6 20. Be4 Rfd8 21.
Qe2 Re8 22. c3 Re7 23. Be3 Rxe4 24. Kg2 Rae8 25. Rad1 R8e5 26. Rd4 Rg5+ 27. Kf1
Qxf3 28. Qxf3 Bxf3 29. Rxe4 Bg2+ 30. Ke2 Rb5 31. Rb4 Ra5 32. a3 Kh7 33. Rd1 f5
34. Rd6 Re5 35. Kd2 g5 36. Rc4 Bc6 37. Bxa7 f4 38. Bd4 Rf5 39. Re6 Bd5 40. Rc7+
Kg8 41. Re8+ Rf8 42. Rg7+ 1-0

[Event "Grenzturnering Gruppe 2 2014-15"]
[Site "Oster Hojst"]
[Date "2015.01.20"]
[Round "4"]
[White "Jensen, Scot Wolfgang"]
[Black "Schmidt, Holger"]
[Result "1-0"]
[WhiteElo "1484"]
[BlackElo "1396"]
[PlyCount "52"]
[EventDate "2014.??.??"]

1. e4 e5 2. Nc3 Nf6 3. Nf3 d6 4. Bc4 Be7 5. d4 exd4 6. Qxd4 Nc6 7. Qd1 O-O 8.
h3 Bd7 9. a3 Qc8 10. Be3 a6 11. Qd3 Be6 12. Nd5 h6 13. g4 Bxd5 14. exd5 Ne5 15.
Nxe5 dxe5 16. O-O-O Nd7 17. Bb3 Kh8 18. Qd2 f6 19. h4 Nc5 20. Bxc5 Bxc5 21. f3
Bd6 22. Qd3 f5 23. Rdg1 f4 24. h5 Qd8 25. c3 Qg5 26. Bc2 b6 1-0

[Event "Grenzturnering Gruppe 2 2014-15"]
[Site "Oster Hojst"]
[Date "2015.01.20"]
[Round "4"]
[White "Lauritzen, Vagn"]
[Black "Jensen, Jens Peter"]
[Result "1-0"]
[WhiteElo "1574"]
[BlackElo "1297"]
[PlyCount "63"]
[EventDate "2014.??.??"]

1. e4 e5 2. Nf3 d6 3. d4 exd4 4. Nxd4 Be7 5. Nc3 c5 6. Nf3 Nf6 7. Bd3 Nbd7 8.
O-O O-O 9. b3 a6 10. a4 b6 11. Bb2 Bb7 12. Nd2 Ne5 13. Nc4 Nxc4 14. bxc4 Qc7
15. Nd5 Nxd5 16. cxd5 Bc8 17. c4 f5 18. Qh5 g6 19. Qh6 Bf6 20. Bxf6 Rxf6 21.
Qg5 Qg7 22. Rfe1 h6 23. Qc1 Rf7 24. Ra2 Rb8 25. Rae2 f4 26. Qc2 f3 27. Re3 Bg4
28. e5 Bf5 29. e6 Re7 30. Bxf5 gxf5 31. Rxf3 b5 32. Rg3 1-0

[Event "Grenzturnering Gruppe 2 2014-15"]
[Site "Oster Hojst"]
[Date "2015.01.20"]
[Round "4"]
[White "Maas, Ralf"]
[Black "Eis, Harald"]
[Result "1/2-1/2"]
[WhiteElo "1193"]
[BlackElo "1757"]
[PlyCount "96"]
[EventDate "2014.??.??"]

1. d4 g6 2. Nf3 Bg7 3. c3 c6 4. e3 Nf6 5. Be2 d5 6. O-O Bf5 7. Nbd2 O-O 8. Nh4
Qc8 9. Nxf5 Qxf5 10. Nf3 Ne4 11. Bd3 Qh5 12. Nd2 Qxd1 13. Rxd1 Nxd2 14. Bxd2
Nd7 15. e4 dxe4 16. Bxe4 e6 17. Bd3 Rad8 18. Be3 a6 19. a4 Nf6 20. Bg5 Rd5 21.
Bxf6 Bxf6 22. g3 Rfd8 23. Be4 R5d7 24. Bf3 e5 25. dxe5 Rxd1+ 26. Rxd1 Rxd1+ 27.
Bxd1 Bxe5 28. Kf1 Kf8 29. f4 Bd6 30. Bg4 a5 31. Bf3 Ke7 32. Ke2 Bc5 33. h3 Kd6
34. c4 Bd4 35. b3 Kc5 36. Kd3 Bg1 37. g4 f6 38. f5 gxf5 39. gxf5 Kd6 40. Ke4
Bh2 41. Bd1 Be5 42. Bg4 Ke7 43. Bh5 Kd6 44. Bg4 Kc5 45. Kd3 b5 46. cxb5 cxb5
47. axb5 Kxb5 48. Bd1 Kc5 1/2-1/2

[Event "Grenzturnering Gruppe 2 2014-15"]
[Site "Oster Hojst"]
[Date "2015.01.20"]
[Round "4"]
[White "Madsen, Nis H"]
[Black "Heremic, Adis"]
[Result "1-0"]
[WhiteElo "1472"]
[BlackElo "1000"]
[PlyCount "65"]
[EventDate "2014.??.??"]

1. d4 Nf6 2. Nf3 g6 3. g3 Bg7 4. Bg2 d6 5. Bg5 O-O 6. Nc3 Bg4 7. O-O c6 8. e4
Nbd7 9. Qd2 c5 10. d5 Bxf3 11. Bxf3 Ne5 12. Bg2 e6 13. b3 a6 14. Rad1 exd5 15.
Nxd5 Nxe4 16. Bxe4 Qd7 17. Nf6+ Bxf6 18. Bxf6 Qh3 19. Bg2 Qh5 20. Qg5 Nf3+ 21.
Bxf3 Qxf3 22. Rxd6 Qh5 23. Qf4 Rfe8 24. Rfd1 Qh3 25. Rd8 h6 26. Rxa8 Rxa8 27.
Rd8+ Rxd8 28. Bxd8 g5 29. Qe5 Qh5 30. Bf6 Qd1+ 31. Kg2 g4 32. Qe8+ Kh7 33.
Qxf7# 1-0

[Event "Grenzturnering Gruppe 2 2014-15"]
[Site "Tonder"]
[Date "2015.02.09"]
[Round "4"]
[White "Moller, Carl Vincent"]
[Black "Bucka Lassen, Edlef"]
[Result "0-1"]
[WhiteElo "1043"]
[BlackElo "1230"]
[PlyCount "72"]
[EventDate "2014.??.??"]

1. d4 d5 2. Nc3 Nf6 3. Nf3 Nc6 4. g3 e6 5. Bg2 Bd6 6. O-O O-O 7. a3 b6 8. Bd2
Bb7 9. Nb5 a5 10. Bg5 Be7 11. Bf4 Bd6 12. Nxd6 cxd6 13. Rc1 Ba6 14. Bh3 h6 15.
Re1 Re8 16. c3 e5 17. dxe5 dxe5 18. Be3 Ne4 19. Qa4 b5 20. Qc2 d4 21. Qxe4 dxe3
22. Qxc6 exf2+ 23. Kxf2 e4 24. Kg1 exf3 25. exf3 Rxe1+ 26. Rxe1 Kh7 27. Bd7 Ra7
28. Re8 Qxd7 29. Qe4+ g6 30. Kg2 Qd6 31. Ra8 Rxa8 32. Qxa8 b4 33. axb4 axb4 34.
cxb4 Qd2+ 35. Kh3 Bf1+ 36. Kh4 Qg5# 0-1

[Event "Grenzturnering Gruppe 2 2014-15"]
[Site "Leck"]
[Date "2015.02.24"]
[Round "5"]
[White "Eis, Harald"]
[Black "Schmidt, Holger"]
[Result "1-0"]
[WhiteElo "1757"]
[BlackElo "1396"]
[PlyCount "37"]
[EventDate "2014.??.??"]

1. e4 e5 2. Nf3 d6 3. Nc3 Nf6 4. Bc4 Be7 5. O-O a6 6. a3 Nc6 7. h3 Bd7 8. d3 h6
9. Nd5 Nxd5 10. Bxd5 Qc8 11. c3 Nd8 12. Nh2 Be6 13. Ba2 Bxa2 14. Rxa2 Qe6 15.
c4 h5 16. f4 exf4 17. Rxf4 g6 18. b3 Bf6 19. Rxf6 1-0

[Event "Grenzturnering Gruppe 2 2014-15"]
[Site "Tonder"]
[Date "2015.03.02"]
[Round "5"]
[White "Jensen, Jens Peter"]
[Black "Bucka Lassen, Edlef"]
[Result "1-0"]
[WhiteElo "1297"]
[BlackElo "1230"]
[PlyCount "57"]
[EventDate "2014.??.??"]

1. e4 c5 2. Bc4 Nc6 3. a3 Nf6 4. d3 g6 5. Nc3 Bg7 6. Bd2 O-O 7. Nf3 e6 8. h3 b6
9. Bb5 Bb7 10. Bxc6 Bxc6 11. Ne5 Nxe4 12. Nxc6 dxc6 13. dxe4 Qc7 14. O-O Rad8
15. Qe2 f5 16. Bg5 Rd7 17. Rad1 Rdf7 18. f4 Bd4+ 19. Kh1 fxe4 20. Qxe4 e5 21.
Bh6 Re8 22. f5 Qd6 23. fxg6 hxg6 24. Rxf7 Kxf7 25. Rf1+ Kg8 26. Bg5 Re6 27. Qf3
e4 28. Nxe4 Rxe4 29. Qxe4 1-0

[Event "Grenzturnering Gruppe 2 2014-15"]
[Site "Leck"]
[Date "2015.02.24"]
[Round "5"]
[White "Lauritzen, Vagn"]
[Black "Kristensen, Karl Martin"]
[Result "1-0"]
[WhiteElo "1574"]
[BlackElo "1650"]
[PlyCount "67"]
[EventDate "2014.??.??"]

1. e4 e5 2. Nf3 Nc6 3. Bb5 Bc5 4. c3 Nf6 5. d4 exd4 6. cxd4 Bb4+ 7. Bd2 Nxe4 8.
Qe2 Qe7 9. Bxc6 Nxd2 10. Qxe7+ Kxe7 11. Nbxd2 dxc6 12. O-O Re8 13. Nc4 f6 14.
a3 Bd6 15. b4 Kf7 16. Rac1 b6 17. Nxd6+ cxd6 18. Rxc6 Rd8 19. Rfc1 Be6 20. Nd2
Rdc8 21. Ne4 Rxc6 22. Rxc6 d5 23. Nd6+ Ke7 24. Nb5 a6 25. Rxe6+ Kf7 26. Nc7 Rc8
27. Rc6 Kg6 28. a4 Kf5 29. Nxd5 Rd8 30. Ne3+ Ke4 31. d5 Ke5 32. Rxb6 Rc8 33.
Rc6 Rxc6 34. dxc6 1-0

[Event "Grenzturnering Gruppe 2 2014-15"]
[Site "Leck"]
[Date "2015.02.24"]
[Round "5"]
[White "Maas, Ralf"]
[Black "Jensen, Scot Wolfgang"]
[Result "0-1"]
[WhiteElo "1193"]
[BlackElo "1484"]
[PlyCount "48"]
[EventDate "2014.??.??"]

1. d4 d5 2. Nf3 Nc6 3. e3 a6 4. c3 Bf5 5. Bd3 Qd7 6. Bxf5 Qxf5 7. O-O Nf6 8.
Qe2 g5 9. h3 e6 10. Nbd2 Bd6 11. Nh2 h5 12. Qf3 Qg6 13. g3 g4 14. Qg2 gxh3 15.
Qxh3 O-O-O 16. Ndf3 Rdg8 17. Nh4 Qc2 18. f4 Ne4 19. Rf3 Be7 20. Nf1 Qd1 21. Kg2
Qe2+ 22. Kh1 Bxh4 23. gxh4 Nf2+ 24. Rxf2 Qxf2 0-1